Biology of parasites ;បរាសិតសាស្ត្រ (Record no. 9257)

000 -LEADER
fixed length control field 00422nam a22001217a 4500
040 ## - CATALOGING SOURCE
Transcribing agency HS
082 ## - DEWEY DECIMAL CLASSIFICATION NUMBER
Classification number 570
100 ## - MAIN ENTRY--AUTHOR NAME
Personal name អ៊ូ ណារីយ៉ា
245 ## - TITLE STATEMENT
Title Biology of parasites ;បរាសិតសាស្ត្រ
260 ## - PUBLICATION, DISTRIBUTION, ETC. (IMPRINT)
Place of publication វិទ្យាស្ថានបច្ចេកទេសកសិកម្មចំការដូង
Name of publisher អ៊ូ​ ណារីយ៉ា
Year of publication 1993
300 ## - PHYSICAL DESCRIPTION
Number of Pages 45p;
942 ## - ADDED ENTRY ELEMENTS (KOHA)
Koha item type សៀវភៅភាសាខ្មែរ
952 ## - LOCATION AND ITEM INFORMATION (KOHA)
Withdrawn status [LOCAL, KOHA] 0
Holdings
Permanent Location Date acquired Koha item type Lost status Shelving location Barcode Current Location Full call number
Library Block C2016-08-29សៀវភៅភាសាខ្មែរ C197RUA44690Library Block C570 អ៊ូ 1993 C197
មជ្ឈមណ្ឌលឯការនៃសាកលវិទ្យាល័យភូមិន្ទកសិកម្មចំការដូង

Powered by Koha